Flujo de nitrógeno y detritus en una quebrada de bosque seco tropical (río Pescador, Norte del Valle del Cauca) (Registro nro. 15448)

Detalles MARC
000 -CABECERA
Campo de control 004910000a22001210004500
090 ## - CLASIFICACIÓN LOCAL
Colección AS
Consecutivo Seriadas
041 0# - IDIOMA
Código de idioma para texto/pista de sonido o título separado
100 1# - ASIENTO PRINCIPAL--NOMBRE PERSONAL
Nombre personal Blanco, Juan Felipe
245 10 - MENCION DE TITULO
Título Flujo de nitrógeno y detritus en una quebrada de bosque seco tropical (río Pescador, Norte del Valle del Cauca)
246 3# - FORMA VARIANTE DEL TITULO
Título propiamente dicho/forma breve del título Nitrogen and detritus fluxes in a tropical dry-forested stream (Pescador river, Northern Valle del Cauca)
773 1# - Item fuente:
Título Actualidades Biológicas
Descripción física 76
Paginas del Articulo 49-58
Lugar, editorial y fecha de publicación 2002
Información sobre la relación 24
942 ## - ELEMENTOS ADICIONALES (KOHA)
Tipo de ítem Artículo

No hay ítems disponibles.